000 00695nam a2200181Ia 4500
008 100920s9999 xx 000 0 und d
082 _b52809
_a891.464 थ 84
100 _aअनु. भेण्डे सुभाष./ लाला आर. एम
245 _aस्पंदने एका न्यासाची.
260 _bश्रीविद्या प्रकाशन, पुणे 30.
_c1984
300 _a184
_bसाधी
365 _b30
520 _aनिबंध.
630 _aस्पंदने एका न्यासाची.
650 _aनिबंध.
730 _aस्पंदने एका न्यासाची.
942 _cBOOK
999 _c698077
_d698074